Click The US States By Order Of Statehood - Easy - Statistics

General Stats
  • This quiz has been taken 42 times
  • The average score is 28 of 50
Answers on the Map
Answers color-coded by a green-red scale on the quiz's map according to % correct below.
 
Answer Stats
Answer % Correct
D
91%
P
87%
G
78%
C
74%
A
70%
H
70%
N
70%
C
65%
I
65%
L
65%
M
65%
S
65%
U
65%
V
65%
W
65%
A
61%
A
61%
K
61%
M
61%
M
61%
N
61%
O
61%
O
61%
R
61%
S
61%
T
61%
F
57%
I
57%
I
57%
M
57%
T
57%
W
57%
A
52%
K
52%
W
48%
I
43%
M
43%
N
43%
N
43%
N
43%
O
43%
V
43%
C
39%
M
39%
W
39%
N
35%
M
30%
M
22%
N
22%
N
13%
No matching quizzes found
Score Distribution
Percent of People with Each Score
Percentile by Number Answered
Your Score History
You have not taken this quiz